| 000 | 01497cam a2200337 a 4500 | ||
|---|---|---|---|
| 001 | 12180606 | ||
| 003 | OSt | ||
| 005 | 20230929130902.0 | ||
| 008 | 000921m20012004maua b 001 0 eng | ||
| 010 | _a 00048541 | ||
| 020 | _a1568811306 (v. 1 : alk. paper) | ||
| 020 | _a156881142X (v. 2 : alk. paper) | ||
| 020 | _a1568811438 (v. 3 : alk. paper) | ||
| 020 | _a1568811446 (v. 4 : alk. paper) | ||
| 040 |
_aDLC _cDLC _dDLC |
||
| 050 | 0 | 0 |
_aQA95 _b.B446 2001 |
| 082 | 0 | 0 |
_a793.74 _bBER/W |
| 100 | 1 |
_aBerlekamp, Elwyn R. _99636 |
|
| 245 | 1 | 0 |
_aWinning ways for your mathematical plays / _cElwyn R. Berlekamp, John H. Conway, Richard K. Guy. |
| 250 | _a2nd ed. | ||
| 260 |
_aNatick, Mass. : _bA.K. Peters, _cc2001-c2004. |
||
| 300 |
_a4 v. (xix, 1004 p.) : _bill. (some col.) ; _c24 cm. |
||
| 500 | _aVol. 4 published in Wellesley, Mass. | ||
| 504 | _aIncludes bibliographical references and indexes. | ||
| 650 | 0 | _aMathematical recreations. | |
| 700 | 1 | _aConway, John Horton. | |
| 700 | 1 | _aGuy, Richard K. | |
| 906 |
_a7 _bcbc _corignew _d1 _eocip _f20 _gy-gencatlg |
||
| 942 |
_2ddc _cBK _h793.74 _iBER/W _k793.74 _mBER/W |
||
| 999 |
_c42387 _d42387 |
||